Persona
| Main Author: | |
|---|---|
| Format: | Book |
| Published: |
Kuala Lumpur :
DBP ,
1994
|
MARC
| LEADER | 00000cam a2200000 7i4500 | ||
|---|---|---|---|
| 001 | 0000007253 | ||
| 002 | 000007802 | ||
| 005 | 20000330.0 | ||
| 020 | |a 9836242015 | ||
| 090 | 0 | 0 | |a F |b ANI |
| 100 | 0 | |a Anis Sabirin | |
| 245 | 1 | 0 | |a Persona |c Anis Sabirin |
| 260 | |a Kuala Lumpur : |b DBP , |c 1994 | ||
| 300 | |a 359 p. ; |c 18 cm. | ||
| 999 | |a 052213 |b BUKU |c PINJAMAN |e PERPUSTAKAAN KOMUNITI PETALING JAYA | ||
| 999 | |a 052214 |b BUKU |c PINJAMAN |e PERPUSTAKAAN KOMUNITI PETALING JAYA | ||
| 999 | |a 052215 |b BUKU |c PINJAMAN |e PERPUSTAKAAN KOMUNITI PETALING JAYA | ||